1944 1331 1931 1233 1049 1543 1264 1108 1224 1941 1322 1953 1888 1942 1381 1218 1634 1874 1587 1671 1192 1490 1645 1983 1207 1402 1850 1730 2000 1070 1768 1707 1839 1966 1686 1062 1850 1334 1150 1364 1240 1889 1120 1828 1288 1502 1187 1457 1788 1452 1059 1351 1067 1404 1002 1576 1535 1332 1081 1776 1058 1425 1486 1271 1305 1747 1238 1274 1784 1523 1447 1028 1564 1637 1521 1015 1691 1825 1323 1450 1820 1994 1295 1363 1946 1866 1987 1373 1254 1195 1423 1355 1652 1290 1275 1603 1938 1153 1863 BCNSPRNW ULIB Ver.6.0+V

เปลี่ยนเป็นภาษาไทย

Change to English
 แสดงรายละเอียดบรรณานุกรม
  กลับหน้าหลัก

Brief Record : Get Marc (ISO 2709) : E-mail record : QR code < ปิดหน้าต่าง
LEADER : 00000nam 2200000uu 4500
001    13399124823
003     ULIB
008    160401s2557||||th 000 0 tha d
024    ^a9786167388700
060  0 ^aWS100^bก671T
100 0  ^aกิตติ ต่อจรัส
245 00 ^aTextbook of pediatrics/^cกิตติ ต่อจรัส...[และคนอื่นๆ]
260    ^aกรุงเทพฯ:^bโครงการตำราวิทยาลัยแพทยศาสตร์พระมงกุฎเกล้า,^c2557
300    ^a1000 หน้า:^bภาพประกอบ
650  0 ^aกุมารเวชศาสตร์
650  0 ^aเด็ก^xโรค
700 0  ^aกิตติ ต่อจรัส
700 0  ^aดุสิต สถาวร
700 0  ^aสนิตรา ศิริธางกุล
700 0  ^aอังคณา เก่งสกุล
945    ^p810^l0^i000384
945    ^p810^l0^i000385
945    ^p810^l0^i000386
945    ^p810^l0^i000387
999    ^aเกษร โพธิ์สุวรรณ
รายการนี้ยังไม่มีแท็ก
คุณยังไม่ได้ล็อกอิน คุณสามารถมีกิจกรรมร่วมกับเว็บไซต์ได้ แต่ต้องล็อกอินก่อน ::
  ล็อกอิน

รายการสื่อสารสนเทศ

ลำดับที่ ประเภท เลขเรียก/บาร์โค้ด สถานที่ สถานะ
1. วิทยาศาสตร์การแพทย์ และสุขภาพ
วิทยาศาสตร์การแพทย์ และสุขภาพ
สถานะ=หนังสือเก่า
WS100 ก671T ฉ.1 
  Barcode: 000384
ห้องสมุดวิทยาเขตสวรรค์ประชารักษ์
►ส่วนจัดเก็บหนังสือเก่า สปร
บนชั้น
  ขอยืม
2. วิทยาศาสตร์การแพทย์ และสุขภาพ
วิทยาศาสตร์การแพทย์ และสุขภาพ
สถานะ=หนังสือเก่า
WS100 ก671T ฉ.2 
  Barcode: 000385
ห้องสมุดวิทยาเขตสวรรค์ประชารักษ์
►ส่วนจัดเก็บหนังสือเก่า สปร
บนชั้น
  ขอยืม
3. วิทยาศาสตร์การแพทย์ และสุขภาพ
วิทยาศาสตร์การแพทย์ และสุขภาพ
สถานะ=หนังสือเก่า
WS100 ก671T ฉ.3 
  Barcode: 000386
ห้องสมุดวิทยาเขตสวรรค์ประชารักษ์
►ส่วนจัดเก็บหนังสือเก่า สปร
บนชั้น
  ขอยืม
4. วิทยาศาสตร์การแพทย์ และสุขภาพ
วิทยาศาสตร์การแพทย์ และสุขภาพ
สถานะ=หนังสือเก่า
WS100 ก671T ฉ.4 
  Barcode: 000387
ห้องสมุดวิทยาเขตสวรรค์ประชารักษ์
►ส่วนจัดเก็บหนังสือเก่า สปร
บนชั้น
  ขอยืม

รายการใกล้เคียง
    ผู้แต่ง [กิตติ ต่อจรัส]

    หัวเรื่อง [กุมารเวชศาสตร์]

BibComment


ยังไม่เคยถูกคอมเมนท์

คอมเมนท์ทรัพยากรรายการนี้
  คอมเมนท์: Textbook of pedi..


 Copyright 2026. Bcnsprnw @Library